| 000 | 00759nam a22002295a 4500 | ||
|---|---|---|---|
| 005 | 20160201151746.0 | ||
| 008 | 150804t2014 ii a frb 001 0 eng d | ||
| 020 | _a9789351071969 | ||
| 040 |
_aEG-ScBUE _beng _cEG-ScBUE _dEG-ScBUE |
||
| 082 | 0 | 4 |
_a005.453 _bSNA _222 |
| 100 | 1 |
_aS., Nandini Prasad K. _939208 |
|
| 245 | 1 | 0 |
_aPrinciples of compiler design / _cNandini Prasad K. S. |
| 250 | _33rd ed. | ||
| 260 |
_aNew Delhi : _bElsevier / Reed Elsevier India Private Limited, _cc.2014. |
||
| 300 |
_a389 p. : _bill. ; _c24 cm. |
||
| 500 | _aIndex : p. 387-389. | ||
| 504 | _aBibliography : p. 385. | ||
| 650 | 7 |
_aCompilers (Computer programs) _2BUEsh _913036 |
|
| 651 | _2BUEsh | ||
| 653 |
_bCOMSCI _cAugust2015 _cJanuary2016 |
||
| 942 |
_2ddc _k005.453 PRA |
||
| 999 |
_c20448 _d20420 |
||